000 00436cam a2200181ua 4500
020 _c18.00
041 _aeng
_h
082 _a625.7
_bDAW/VE
100 _aDawson, Royal.F.G .
245 _aVertical curves for roads /
_cF.G.Royal Dawson.
_hTextual Documents
250 _a1 /
_b.
260 _a :
_bE & F.N.Spon, Ltd ,
_c1946.
300 _a141 ; .
365 _a18.00
504 _a
942 _cBK
999 _c2361
_d2361